00799nam a2200205Ia 4500003000900000008004100009020001800050040001600068080002200084111009200106245018400198260004200382300001500424490002600439650001500465650004100480700002600521700002300547700002300570IN-BaIIA211028s9999 xx 000 0 eng d a90-277-0444-9 cIIA Library a082.2:52bIAU-S61 aInternational Symposium on New Problems in AstronometrycPerth, Australiad1973 Aug. 17 0aNew problems in astronometrybproceedings of the international symposium, no. 61 held in Perth, Australia, August 17, 1973cedited by Wilhelm Gliese, C. A. Murray and R. H. Tucker aDordrechtbD. Reidel Publishingc1974 axii, 333p. aIAU Symposium; no. 61 aAstrometry aAstronomy and Astrophysics Thesaurus aGliese, Wilhelm., ed. aMurray, C. A., ed. aTucker, R. H., ed.